000 00402nam a2200157Ia 4500
008 230312s9999||||xx |||||||||||||| ||und||
020 _a81-203-3688-9
082 _a658.3
_bMEJ-M
100 _aMejia;Luis.R.Gomez
245 0 _aManaging Human Resources
260 _bPrentice Hall
_aIndia
_c2007
300 _a639
546 _aEng.
650 _aManagement
_vStaffing,Employee Development
942 _cBK
999 _c7160
_d7160